| 000 -CABECERA |
| fixed length control field |
02018nam a22002897a 4500 |
| 003 - IDENTIFICADOR DEL NÚMERO DE CONTROL |
| control field |
AR-CdUCM |
| 008 - DATOS DE LONGITUD FIJA--INFORMACIÓN GENERAL |
| fixed length control field |
190425b ||||| |||| 00| 0 spa d |
| 040 ## - FUENTE DE LA CATALOGACIÓN |
| Agencia/entidad que catalogó originalmente la obra |
MUNICIPALIDAD PROVINCIAL DEL CUSCO |
| Entidad que transcribió la catalogación |
BIBLIOTECA MUNICIPAL DEL CUSCO |
| 082 ## - NÚMERO DE LA CLASIFICACIÓN DECIMAL DEWEY |
| No. de Clasificación |
Saqsaywaman/N°8/2008 |
| 110 ## - ENTRADA PRINCIPAL--NOMBRE DE ENTIDAD CORPORATIVA |
| Nombre de la institución, jurisdicción como entrada principal |
Instituto Nacional de Cultura Region Cusco |
| 9 (RLIN) |
29198 |
| 245 ## - MENCIÓN DE TÍTULO |
| Título |
Revista Saqsaywaman : |
| Mención de responsabilidad |
Instituto Nacional de Cultura Region Cusco. |
| 260 ## - PUBLICACIÓN, DISTRIBUCIÓN, ETC. |
| Lugar de publicación, distribución, etc. |
Cusco. |
| Nombre de la editorial, distribuidor, etc. |
INC, |
| -- |
Danny´s Graff, |
| Fecha de publicación, distribución, etc. |
2008. |
| 300 ## - DESCRIPCIÓN FÍSICA |
| Nº de Páginas Extensión |
237 páginas. : |
| Otros detalles físicos |
ilustraciones ; |
| Dimensiones |
21 cm. |
| 440 ## - MENCIÓN DE SERIE/PUNTO DE ACCESO ADICIONAL--TÍTULO |
| Título |
Revista Saqsaywaman. |
| Número de la parte/sección de una obra |
N°8, 2008 |
| 9 (RLIN) |
47107 |
| 505 ## - NOTA DE CONTENIDO CON FORMATO |
| Nota de contenido formateada |
Contenido: Proceso constructivo de la ciudad Inka de Machupicchu. Fernando Astete Victoria. -- Arqueología de arquitectura, Pikillaqta. Carmen Farfán. -- La ocupación Inka en Urqo Calca, una visión de su función y abandono a través de un contexto ritual. Maritza Rosa Candia. -- Yuthu sitio formativo a orillas de la laguna de Huaypo Cusco. Allison R. Davis y Carlos M. Delgado. -- Prospección y registros de los sitios arqueológicos asentados en el entorno de las lagunas de Asnaqocha y Pampamarca, ubicados en el distrito de Mosoqllaqta Acomayo Cusco. Domingo Farfán Acuña. -- Investigación Arqueológica en el “Templo Virgen de las Nieves de Sangarara Acomayo. Carlos Eduardo Rosell Bocanegra. -- Los niños del Llullaillaco y su exposición. Luis Massa. -- Análisis Mineralógico y Fisicoquímico de la pasta. Jorge Gamarra Gamio. -- Aporte del análisis Palinológico a la Arqueología. Eliana Rojas. |
| 650 ## - PUNTO DE ACCESO ADICIONAL DE MATERIA--TÉRMINO DE MATERIA |
| Descriptor |
Arqueología cusqueña |
| 9 (RLIN) |
9322 |
| 650 ## - PUNTO DE ACCESO ADICIONAL DE MATERIA--TÉRMINO DE MATERIA |
| Descriptor |
Historia del Cusco |
| 9 (RLIN) |
1714 |
| 650 ## - PUNTO DE ACCESO ADICIONAL DE MATERIA--TÉRMINO DE MATERIA |
| Descriptor |
Inkas |
| 9 (RLIN) |
1899 |
| 650 ## - PUNTO DE ACCESO ADICIONAL DE MATERIA--TÉRMINO DE MATERIA |
| Descriptor |
Monumentos históricos |
| 9 (RLIN) |
6891 |
| 700 ## - PUNTO DE ACCESO ADICIONAL--NOMBRE DE PERSONA |
| Nombre Personal |
Astete Victoria, Fernando |
| 9 (RLIN) |
47108 |
| 700 ## - PUNTO DE ACCESO ADICIONAL--NOMBRE DE PERSONA |
| Nombre Personal |
Gamarra Gamio, Jorge |
| 9 (RLIN) |
47109 |
| 700 ## - PUNTO DE ACCESO ADICIONAL--NOMBRE DE PERSONA |
| Nombre Personal |
Rosa Candia, Maritza |
| 9 (RLIN) |
47110 |
| 856 ## - LOCALIZACIÓN Y ACCESO ELECTRÓNICOS |
| Identificador Uniforme de Recurso (URI) |
<a href="http://bvirtual.culturacusco.gob.pe/items/show/110">http://bvirtual.culturacusco.gob.pe/items/show/110</a> |
| Nota pública |
Leer en digital |
| 942 ## - ELEMENTOS DE PUNTO DE ACCESO ADICIONAL (KOHA) |
| Fuente de clasificación |
|
| Tipo de item |
Revistas cusqueñas |
| 945 ## - PROCESAMIENTO DE INFORMACIÓN LOCAL (OCLC) |
| Catalogador |
rac |